000 00625cam a22002291 4500
001 sa 66005417
003 DLC
005 20260227112249.0
008 790926q19001981pk 000 0 eng
010 _asa 66005417
025 _aPL480:P-E-951
035 _a(OCoLC)5428198
040 _aDLC
_cTxU
_dOCoLC
_dDLC
042 _apremarc
050 0 0 _aDS379
_b.A7
100 0 _aAhmed,
_cSheikh.
245 1 4 _aThe problem of arts and literature in Pakistan.
260 _aKarachi,
_bPakistan Institute of Arts & Design
_c[19--]
300 _a8 p.
_c19 cm.
500 _aCover title.
651 0 _aPakistan
_xIntellectual life.
999 _c69942
_d69942